Mount Vernon memorial highway; history, design, and progress in construction.

Bibliographic Details
Corporate Author: United States. Bureau of Public Roads
Format: Government Document eBook
Language:English
Published: Washington : U.S. GPO, 1930.
Subjects:
Online Access:Connect to the full text of this electronic document

MARC

Tag First Indicator Second Indicator Subfields
LEADER 00000cam a22000001a 4500
001 in00003781406
005 20190408184735.0
006 m o d f
007 cr bn mmmapmmp
008 040322s1930 dcu o f000 0 eng d
035 |a ebd1910511108 
040 |a UMI  |c UMI  |d UtOrBLW 
086 0 |a A 22.2:M 86 
099 |a A22.2-21 
245 0 0 |a Mount Vernon memorial highway; history, design, and progress in construction. 
264 1 |a Washington :  |b U.S. GPO,  |c 1930. 
300 |a 1 online resource (29 pages) 
336 |a text  |b txt  |2 rdacontent 
337 |a computer  |b c  |2 rdamedia 
338 |a online resource  |b cr  |2 rdacarrier 
500 |a Record is based on bibliographic data in ProQuest U.S. Executive Branch Documents, 1910-1932. Reuse except for individual research requires license from ProQuest, LLC. 
533 |a Electronic reproduction.  |b [Bethesda, Md.] :  |c ProQuest,  |d 2012.  |e digital, PDF file.  |n ProQuest U.S. Executive Branch Documents, 1910-1932.  |n Mode of access: World Wide Web via ProQuest website. 
538 |a System requirements: PDF reader software. 
500 |a Electronic resource. 
610 1 0 |a United States.  |b Bureau of Public Roads.  |0 http://id.loc.gov/authorities/names/n79042046 
650 0 |a Drawing.  |0 http://id.loc.gov/authorities/subjects/sh85039408 
650 0 |a Roads.  |0 http://id.loc.gov/authorities/subjects/sh85114487 
650 0 |a Specifications.  |0 http://id.loc.gov/authorities/subjects/sh85126393 
651 0 |a Virginia.  |0 http://id.loc.gov/authorities/names/n79022909 
655 7 |a Electronic books.  |2 local 
710 1 |a United States.  |b Bureau of Public Roads.  |0 http://id.loc.gov/authorities/names/n79042046 
776 1 8 |i Microfiche version:  |t Mount Vernon memorial highway; history, design, and progress in construction  |o CIS US Exec MF A22.2-21  |w (ProQuest)cis19156721 
856 4 0 |u http://proxy.library.tamu.edu/login?url=http://congressional.proquest.com/congressional/docview/t66.d71.a22.2-21  |z Connect to the full text of this electronic document  |t 0 
999 f f |s 6ca45d82-e546-30d4-a931-e36ccac51d4f  |i 04dd763a-762d-3a83-95eb-5babcd8df57c  |t 0 
952 f f |a Texas A&M University  |b College Station  |c Electronic Resources  |d Available Online  |t 0  |h No information provided 
998 f f |t 0  |l Available Online